| 000 | 00397nam a2200157Ia 4500 | ||
|---|---|---|---|
| 008 | 230917s9999||||xx |||||||||||||| ||und|| | ||
| 040 |
_e28963 _aMAIN |
||
| 041 | _aEnglish | ||
| 082 | _a547.2 C237M | ||
| 100 | _aCarruthers, W | ||
| 245 | 0 | _aModern methods of organic synthesis | |
| 250 | _a3rd ed | ||
| 260 |
_aCambridge _bCambridge University Press _c1997 |
||
| 300 | _ax,526 p. | ||
| 942 | _cBK | ||
| 999 |
_c99334 _d99334 |
||